| 000 | 01009nam a2200277 a 4500 | ||
|---|---|---|---|
| 001 | BRCA_1953 | ||
| 005 | 20190320203620.0 | ||
| 008 | 930810s1992----ag-a---##b---#000-0#spa-d | ||
| 020 | _a9879905326 (Obra completa) | ||
| 020 | _a9879905334 (v.3) | ||
| 040 |
_aDLC _cDLC _dDLC |
||
| 050 | 4 |
_aN8079.5 _b.S34 1992 |
|
| 100 | 1 |
_aSchenone, Héctor H. _95998 |
|
| 245 | 1 | 0 |
_aiconografía del arte colonial _cHéctor H. Schenone. |
| 260 |
_a[Argentina] _bFundación Tarea _c1992-1998 |
||
| 300 |
_a3 v. _bil. _c28 cm. |
||
| 500 | _av.3 es 2do. ejemplar y se encuentra en el Área de Investigación | ||
| 504 | _aIncluye referencias bibliográficas e índice | ||
| 505 | 0 | _aContenido : v.1-2. Los santos. -- v.3. Jesucristo | |
| 650 | 1 | 4 |
_aArte cristiano y simbolismo _xTemas, motivos _zAmérica Latina _95999 |
| 650 | 1 | 4 |
_aArte colonial _xTemas, motivos _zAmérica Latina _96000 |
| 650 | 1 | 4 |
_aArte Latinoamericano _xTemas, motivos _96001 |
| 653 | 0 | _aVida de santos novohispanos | |
| 902 | _aREF | ||
| 942 |
_2lcc _cB |
||
| 999 |
_c1723 _d1723 |
||